=LDR 00000nam 2200000 4500 =001 INLIS000000000005836 =005 20251029101701 =035 ##$$a 0010-1025000891 =007 ta =008 251029################f##########0#ind## =082 ##$$a 392.302 02 =084 ##$$a 392.302 02 BAD b =245 1#$$a Buku III Bahan Penyuluhan Program Bina Keluarga Balita Kelompok Umur 1-2 Tahun (Pertemuan Penyuluhan Ke 5 s/d 12) /$c BADAN KOORDINASI KELUARGA BERENCANA NASIONAL =260 ##$$a Jakarta :$b Badan Koordinasi Keluarga Berencana Nasional,$c 1991 =300 ##$$a 52 hlm. =650 #4$$a Bina Keluarga Balita =110 2#$$a BADAN KOORDINASI KELUARGA BERENCANA NASIONAL =856 ##$$a Perpustakaan Kemendukbangga